[Event "Coliseo Department-ch"]
[Site "Coliseo"]
[Date "2020.12.13"]
[Round "7"]
[White "Ortiz Uruena, Norberto"]
[Black "Londono Tejedor, Leidy Johana"]
[Result "0-1"]
[WhiteElo "1602"]
[BlackElo "1449"]
[PlyCount "64"]
[EventDate "2020.12.11"]
[EventType "swiss"]
[EventRounds "7"]
[EventCountry "COL"]
[SourceTitle "EXT 2022"]
[Source "ChessBase"]
[SourceDate "2021.10.06"]
[SourceVersion "1"]
[SourceVersionDate "2021.10.06"]
[SourceQuality "1"]

1. e4 e6 2. d4 d5 3. e5 c5 4. Nf3 Nc6 5. Be2 cxd4 6. 0-0 Bc5 7. c3 Qb6 8. b4 Be7 9. Nxd4 Nxd4 10. Qxd4 Qxd4 11. cxd4 Bxb4 12. a3 Ba5 13. Bb5+ Bd7 14. Bxd7+ Kxd7 15. Bd2 Bxd2 16. Nxd2 Ne7 17. Rab1 b6 18. Nb3 Rhc8 19. Rfc1 Nf5 20. g4 Nh4 21. h3 Ng6 22. Rxc8 Rxc8 23. Rc1 Nf4 24. Rxc8 Kxc8 25. h4 Kb7 26. f3 Kc6 27. Kf2 Kb5 28. Na1 Ka4 29. Nc2 Kb3 30. Nb4 Kxa3 31. Nc6 a5 32. h5 a4 0-1